000 00480nam a22001817a 4500
003 koha_MIRAKIL
005 20231213095549.0
008 231213b |||||||| |||| 00| 0 ||| d
020 _b979-9-75826938-8
040 _aTR-IsEVY
_btur
_cTR-IsEVY
082 _a900 YAM/A
100 _aYAMANER, ŞERAFETTİN.
245 0 _aATATÜRK ÖNCESİ VE SONRASI KÜLTÜREL DEĞİŞİM.
260 _bToplumsal Dönüşüm,
_c1999
300 _a279.
650 _aTarih.
942 _2ddc
_cBK
999 _c5741
_d5741